Forgiveness and Reconciliation (Record no. 10980)

MARC details
000 -LEADER
fixed length control field 00758nam a2200265 a 4500
001 - CONTROL NUMBER
control field 0001-0980
003 - CONTROL NUMBER IDENTIFIER
control field ELIB.Books
008 - FIXED-LENGTH DATA ELEMENTS--GENERAL INFORMATION
fixed length control field 140918 2010 eng
020 ## - INTERNATIONAL STANDARD BOOK NUMBER
International Standard Book Number KBTS
035 ## - SYSTEM CONTROL NUMBER
System control number (ELIB.Books)0001-1134
092 ## - LOCALLY ASSIGNED DEWEY CALL NUMBER (OCLC)
Classification number 230.0415
Item number Tay
100 ## - MAIN ENTRY--PERSONAL NAME
Personal name Taylor, Vincent
245 ## - TITLE STATEMENT
Title Forgiveness and Reconciliation
Remainder of title A Study in New Testament Theology
260 ## - PUBLICATION, DISTRIBUTION, ETC. (IMPRINT)
Place of publication, distribution, etc. London
Name of publisher, distributor, etc. Macmillan and Co., Limited
Date of publication, distribution, etc. 1952
300 ## - PHYSICAL DESCRIPTION
Extent 242
Dimensions 21.5 Cm
500 ## - GENERAL NOTE
General note Dr. Yahalaylayla
650 ## - SUBJECT ADDED ENTRY--TOPICAL TERM
Topical term or geographic name as entry element New Testament Theology
730 ## - ADDED ENTRY--UNIFORM TITLE
Uniform title Forgiveness and Reconciliation
740 ## - ADDED ENTRY--UNCONTROLLED RELATED/ANALYTICAL TITLE
Uncontrolled related/analytical title A Study in New Testament Theology
856 ## - ELECTRONIC LOCATION AND ACCESS
Name of location of host KBTS; Library
Uniform Resource Identifier <a href="KBTS; Elib.">KBTS; Elib.</a>
942 ## - ADDED ENTRY ELEMENTS (KOHA)
Source of classification or shelving scheme Dewey Decimal Classification
Koha item type Books
990 ## - EQUIVALENCES OR CROSS-REFERENCES [LOCAL, CANADA]
Link information for 9XX fields 1
998 ## - LOCAL CONTROL INFORMATION (RLIN)
Cataloger's initials, CIN (RLIN) bat
-- 2014-09-18
Holdings
Withdrawn status Lost status Source of classification or shelving scheme Damaged status Not for loan Home library Current library Date acquired Total Checkouts Barcode Date last seen Bill Date Koha item type
    Dewey Decimal Classification     Karen Baptist Theological Seminary Library Karen Baptist Theological Seminary Library 18/09/2014   15257 22/01/2022 22/01/2022 Books
Implemented & Customized by: BestBookBuddies

Powered by Koha